| 000 | 01151nam a22002777a 4500 | ||
|---|---|---|---|
| 001 | BD-DhSAU 9278 | ||
| 003 | BD-DhSAU | ||
| 005 | 20221215155329.0 | ||
| 008 | 150613b2018 bg a|||| m||| 00| 0 eng d | ||
| 040 | _aBD-DhSAU | ||
| 082 |
_222 _a63439 _bH963 |
||
| 100 |
_aHossain, Md. Hanif _eRegistration No. # 19-10043 |
||
| 245 |
_aEffect of Spacing and variety on biomass production and quality of Moringa oleifera L. / _bMS thesis |
||
| 260 |
_aSher-e-Bangla Agricultural University : _bDepartment of Agroforestry and Environmental Science, _c2021 |
||
| 300 |
_ax, 63p. : _bill. ; _c30 cm. |
||
| 500 | _aMS thesis of Department of Agroforestry and Environmental Science, Faculty of Agriculture, Sher-e-Bangla Agricultural University, Dhaka, Bangladesh | ||
| 504 | _aIncludes bibliographical reference. | ||
| 590 | _aNazmul | ||
| 650 | _aSpacing | ||
| 650 | _abiomass production | ||
| 651 | _aMoringa oleifera L. | ||
| 700 |
_aProf. Dr. Md. Kausar Hossain _eSuperviser |
||
| 700 |
_aDr. Nasrin Sultana _eCo-superviser |
||
| 856 | _uhttp://archive.saulibrary.edu.bd:8080/xmlui/handle/123456789/4704 | ||
| 942 |
_2ddc _cTHESIS |
||
| 999 |
_c16389 _d16388 |
||